| Tag |
First Indicator |
Second Indicator |
Subfields |
| LEADER |
00000cam a2200000 4500 |
| 001 |
in00000070239 |
| 005 |
20151008061645.0 |
| 008 |
710524s1971 mau b 00110 eng |
| 010 |
|
|
|a 74138817
|
| 035 |
|
|
|a (OCoLC)00142635
|
| 035 |
|
|
|9 AAJ8533AM
|
| 040 |
|
|
|a DLC
|c DLC
|d m.c.
|d TXA
|d UtOrBLW
|
| 049 |
|
|
|a TXAM
|c 1 [857146], 2 [1502801]
|
| 050 |
0 |
0 |
|a E185.86
|b S28
|
| 082 |
0 |
|
|a 301.42/1
|
| 100 |
1 |
|
|a Scanzoni, John H.,
|d 1935-
|
| 245 |
1 |
4 |
|a The Black family in modern society /
|c [by] John H. Scanzoni.
|
| 264 |
|
1 |
|a Boston :
|b Allyn and Bacon,
|c [1971]
|
| 264 |
|
4 |
|c [©1971]
|
| 300 |
|
|
|a xi, 353 pages ;
|c 22 cm.
|
| 336 |
|
|
|a text
|b txt
|2 rdacontent
|
| 337 |
|
|
|a unmediated
|b n
|2 rdamedia
|
| 338 |
|
|
|a volume
|b nc
|2 rdacarrier
|
| 504 |
|
|
|a Bibliography: pages 335-345.
|
| 650 |
|
0 |
|a African American families.
|
| 999 |
|
|
|a MARS
|
| 999 |
f |
f |
|s efccb76f-cd1a-3817-a074-a033c7c8f730
|i 34ed3f77-27fa-3f88-8bff-50ddfac727ca
|t 0
|
| 952 |
f |
f |
|p ric
|a Texas A&M University
|b Rellis Campus
|c Joint Library Facility
|d Remote Storage
|t 0
|e E185.86 S28
|h Library of Congress classification
|i unmediated -- volume
|m A14832910880
|
| 952 |
f |
f |
|p normal
|a Texas A&M University
|b College Station
|c Sterling C. Evans Library
|d Evans: Library Stacks
|t 0
|e E185.86 S28
|h Library of Congress classification
|i unmediated -- volume
|m A14806106144
|
| 998 |
f |
f |
|a E185.86 S28
|t 0
|l Evans: Library Stacks
|
| 998 |
f |
f |
|a E185.86 S28
|t 0
|l Remote Storage
|